<?xml version="1.0" encoding="UTF-8"?>
<marc:record xmlns:marc="http://www.loc.gov/MARC21/slim">
   <marc:leader>00000nam a2200000 a 4500</marc:leader>
   <marc:datafield ind1="1" ind2=" " tag="100">
      <marc:subfield code="a">Reiners, Holger</marc:subfield>
      <marc:subfield code="4">aut</marc:subfield>
      <marc:subfield code="e">Verfasser/-in</marc:subfield>
   </marc:datafield>
   <marc:datafield ind1=" " ind2=" " tag="653">
      <marc:subfield code="a">Angst</marc:subfield>
   </marc:datafield>
   <marc:datafield ind1=" " ind2=" " tag="653">
      <marc:subfield code="a">Depression</marc:subfield>
   </marc:datafield>
   <marc:datafield ind1=" " ind2=" " tag="653">
      <marc:subfield code="a">Psychologie</marc:subfield>
   </marc:datafield>
   <marc:datafield ind1="0" ind2="0" tag="245">
      <marc:subfield code="a">Die gezähmte Depression</marc:subfield>
   </marc:datafield>
   <marc:datafield ind1="0" ind2="0" tag="245">
      <marc:subfield code="b">Erfülltes Leben nach der Krankheit</marc:subfield>
   </marc:datafield>
   <marc:datafield ind1="0" ind2="0" tag="245">
      <marc:subfield code="c">Holger Reiners</marc:subfield>
   </marc:datafield>
   <marc:datafield ind1=" " ind2="1" tag="264">
      <marc:subfield code="a">München</marc:subfield>
      <marc:subfield code="b">Kösel-Verl.</marc:subfield>
      <marc:subfield code="c">2007</marc:subfield>
   </marc:datafield>
   <marc:datafield ind1="1" ind2=" " tag="520">
      <marc:subfield code="a">Ein Betroffener macht Mut - Glückliches Leben nach der Depression 18 Jahre litt Holger Reiners unter schwersten Depressionen. Heute ist er geheilt, aber die Krankheit wird ihn nie ganz loslassen. Durch die intensive Beschäftigung mit dem Krankheitserleben und das eigene erfahrene Leid weiß er, dass es neben dem Schrecken der Depression, neben der Bedrückung und dem Schmerz auch irgendwann wieder ein Leben voller Elan, Glück, Zufriedenheit und Zuversicht geben kann. Mit einem Vorwort von Prof. Dr. Ulrich Hegerl, "Kompetenznetz Depression". Über den Autor Holger Reiners ist Architekt, Unternehmensberater und Autor u.a. des Buches »Das heimatlose Ich«, in dem er über seine Erfahrungen als langjähriger und inzwischen geheilter Depressionspatient berichtet.</marc:subfield>
   </marc:datafield>
   <marc:datafield ind1=" " ind2=" " tag="020">
      <marc:subfield code="a">9783466307630</marc:subfield>
      <marc:subfield code="9">9783466307630</marc:subfield>
   </marc:datafield>
   <marc:datafield ind1=" " ind2=" " tag="020">
      <marc:subfield code="a">3466307635</marc:subfield>
      <marc:subfield code="9">3466307635</marc:subfield>
   </marc:datafield>
   <marc:datafield ind1=" " ind2=" " tag="300">
      <marc:subfield code="a">174 S.</marc:subfield>
   </marc:datafield>
</marc:record>
